000 00231nam a22000977a 4500
003 SGT
245 _aJournal of Indian Academy of Oral Medicine Radiology
260 _bWolters Kluwer Publisher
_c2022
300 _a498
942 _2ddc
_cBV
999 _c30448
_d30448